Odborári nesolidárne roztrieštili svoj majetok
Diskusia o využití majetku odborov. Finančné toky v odboroch do r.1993, kedy zaniklo ROH a po všeodborovom zjazde v marci 1990. Delenie majetku troch kategórií 1. detské zariadenia, 2. majetok odborových zväzov, 3. finančné prostriedky a nehnuteľnosti. Vznik obchodných spoločností. Polemika o zdrojo...
Guardado en:
| Autor principal: | |
|---|---|
| Formato: | Capítulo de libro |
| Lenguaje: | eslovaco |
| Materias: | |
| Etiquetas: |
Sin Etiquetas, Sea el primero en etiquetar este registro!
|
MARC
| LEADER | 00000naa a2200000 4500 | ||
|---|---|---|---|
| 001 | r015780 | ||
| 005 | 20221213114622.8 | ||
| 041 | 0 | |a slo | |
| 044 | |a SK | ||
| 245 | 1 | 0 | |a Odborári nesolidárne roztrieštili svoj majetok |c Ľ. Jurina |
| 520 | |a Diskusia o využití majetku odborov. Finančné toky v odboroch do r.1993, kedy zaniklo ROH a po všeodborovom zjazde v marci 1990. Delenie majetku troch kategórií 1. detské zariadenia, 2. majetok odborových zväzov, 3. finančné prostriedky a nehnuteľnosti. Vznik obchodných spoločností. Polemika o zdrojoch pre KOZ SR, príspevky, výnosy z odborového majetku, sociálny fond. | ||
| 610 | 2 | 0 | |a odbory |
| 610 | 2 | 0 | |a ČSFR |
| 610 | 2 | 0 | |a Česko |
| 610 | 2 | 0 | |a Slovensko |
| 610 | 2 | 0 | |a majetok hmotný |
| 610 | 2 | 0 | |a majetok finančný |
| 610 | 2 | 0 | |a spoločnosti obchodné |
| 610 | 2 | 0 | |a KOZ SR |
| 610 | 2 | 0 | |a financie |
| 100 | 1 | |a Jurina, Ľ. | |